000 01761nam a2200397 c 4500
003 BLK
005 20250228111731.0
008 180411b bul|||||r ||||||| ||bul||
010 _aKNG00177430000
020 _a978-954-340-345-5
_bиздат.: New Media Group
040 _aBLK
041 _aBUL
_cBUL
072 7 _2bullib
_aН85
_xДетска художествена литература Н
080 _aНемска литература
_b821.112.2
_x-93-34
_z821.112.2-93-34
100 1 _aРаспе, Рудолф Ерих
_eпърви автор
_9115325
700 1 _aСтоянова, Веселина Маринова
_eпрев.
_9371058
700 1 _aСаморезов, Михаил Андреевич
_eил.
_9118686
139 _aРаспе, Рудолф Ерих
_bР 38
245 1 0 _aМорските приключения на барон Мюнхаузен
_cРудолф Ерих Распе; прев. Веселина Маринова Стоянова; ил. Михаил Андреевич Саморезов.
257 _aDEU
260 София
_bNew Media Group
_c2014
_fСофия : Алианс принт
300 _a32 с.
_bс цв. ил.
_c20 см
380 _aDX
490 1 _aДетство мое : Вълшебни приказки в картинки
_v112
500 _aБез сведение за ориг. загл.
653 _aприказки
653 _aлитература за деца
653 _aдетска литература
659 _aН
852 _aЦб 275077
856 4 _qpdf
_u
856 4 _qpdf
_u
942 _cKNG
_n0
_02
944 _aCR
_c30.06.2015
_lАнна Гръцманова
_k30564
944 _aED
_c07.02.2018
_lф /
_kЛюдмила_Стоянова
999 _c169419
_d169419